000 01520cam a2200301 a 4500
001 3103188
003 OSt
005 20170925153508.0
008 990322s2000 njua b 001 0 eng
010 _a 99024487
020 _a0130831549 (pbk.)
035 _a(OCoLC)ocm41049596
040 _aDLC
_cDLC
_dC#P
_dOUB
_dDLC
050 0 0 _aBF76.5
_b.S24 2000
082 0 0 _a150/.72
_221
100 1 _aSalkind, Neil J.
245 1 0 _aExploring research /
_cNeil J. Salkind.
250 _a4th ed.
260 _aUpper Saddle River, N.J. :
_bPrentice Hall,
_cc2000.
300 _axxiv, 336 p. :
_bill. ;
_c28 cm.
504 _aIncludes bibliographical references (p. 315-317) and index.
505 0 _aThe role and importance of research -- The research process: coming to terms -- Selecting a problem and reviewing the research -- Sampling and generalizability -- Measurement, reliability, and validity -- Methods of measuring behavior -- Data collection and descriptive statistics -- Introducing inferential statistics -- Nonexperimental research methods -- Experimental research methods -- Quasi-experimental research: a close cousin to experimental research -- Writing a research proposal -- Writing a research manuscript.
650 0 _aPsychology
_xResearch
_xMethodology.
650 0 _aEducation
_xResearch
_xMethodology.
906 _a7
_bcbc
_corignew
_d1
_eocip
_f19
_gy-gencatlg
942 _2lcc
_cBK
999 _c51559
_d51559